College Football Matchups: West Virginia - Statistics

General Stats
  • This quiz has been taken 184 times
    27 since last reset
  • The average score is 12 of 16
Answer Stats
Games Opponent Subdivision % Correct
108 Pittsburgh Power 4
100%
61 Penn State Power 4
95%
61 Syracuse Power 4
95%
23 Virginia Power 4
95%
54 Virginia Tech Power 4
95%
18 Ohio Group of 5
90%
22 Cincinnati Power 4
85%
39 Rutgers Power 4
85%
20 Kentucky Power 4
80%
33 Boston College Power 4
70%
53 Maryland Power 4
70%
20 Miami Power 4
70%
36 Temple Group of 5
55%
17 William & Mary FCS
50%
25 Richmond FCS
45%
22 East Carolina Group of 5
35%
No matching quizzes found
Score Distribution
Percent of People with Each Score
Percentile by Number Answered
Your Score History
You have not taken this quiz since the last reset